000 00358 a2200157 4500
001 73532
020 _a857302224-8
040 _cAnchieta - Colégio São Paulo
100 _aVerissimo, Luis Fernando
240 1 0 _aO clube dos anjos
_lpor
245 1 0 _aO clube dos anjos
300 _a130
362 0 _a1998
650 4 _aFicção brasileira
942 _cBK
999 _c73532
_d73532